000 00762nam a22002057a 4500
999 _c6960
_d6960
003 AR-CdUCM
008 190319b ||||| |||| 00| 0 spa d
040 _aMUNICIPALIDAD PROVINCIAL DEL CUSCO
_cBIBLIOTECA MUNICIPAL DEL CUSCO
082 _a510.7 /
_bF88
100 _aFuchs, Walter Robert
_919626
245 _aEl libro de la matemática moderna /
260 _aBarcelona:
_bOmega,
_c1968.
300 _a279 paginas ;
_c22 cm.
505 _aContenido :Lenguaje natural y construcción matemática -- La matemática como actividad -- El numero secreto exacto -- Infinitudes -- Estructuras ...
650 _aTeorías modernas diversas
_919627
650 _aMatemáticas
_99398
700 _aMartínez Borso, Julio
_919628
942 _2ddc
_cLIBROS
945 _arum